| 000 | 01046nam a2200241 i 4500 | ||
|---|---|---|---|
| 001 | 110842 | ||
| 003 | ES-MaACL | ||
| 005 | 20260127062539.0 | ||
| 007 | t| | ||
| 008 | 070131s1921 sp ||||1| spa d | ||
| 100 | 1 |
_aPiniés y Bayona, Vicente de. _992131 |
|
| 245 | 1 | 0 |
_aSesión necrológica celebrada por la Real Academia de Jurisprudencia y Legislación en honor de Eduardo Dato e Iradier _b: celebrada el 22 de marzo de 1921 / _cdiscurso de Vicente de Piniés, Francisco Bergamín y Francisco Soler. |
| 260 |
_aMadrid : _bReus, _c1921. |
||
| 300 |
_a45 p. : _bil. ; _c18 cm. |
||
| 490 | 1 |
_aPublicaciones de la Real Academia de Jurisprudencia y Legislación ; _v37 |
|
| 600 | 1 | 4 |
_aDato, Eduardo, _d1856-1921 _942789 |
| 700 | 1 |
_aBergamín, Francisco. _9148620 |
|
| 700 | 1 |
_aSoler, Francisco. _9107141 |
|
| 700 |
_aReal Academia de Jurisprudencia y Legislación de España _9217612 |
||
| 830 | 0 |
_aPublicaciones de la Real Academia de Jurisprudencia y Legislación ; _v37 _9180630 |
|
| 852 |
_aES-MaACL _jL-5205 |
||
| 999 |
_c110842 _d110842 |
||